| 000 | 00000nam##2200000za#4500 |
| 001 | 9.639906 |
| 003 | CaOODSP |
| 005 | 20210624222414 |
| 007 | cr ||||||||||| |
| 008 | 150407|1990||||xxc|||||o f|0| 0 fre|d |
| 040 | |aCaOODSP|bfre |
| 043 | |an-cn--- |
| 086 | 1 |aH42-2/19-1990F-PDF |
| 110 | 1 |aCanada. |bSanté Canada. |
| 245 | 10|aPerception du risque et évaluation de l'innocuité des médicaments / |h[ressource électronique]|c[par] Ilan B. Vertinsky et Donald A. Wehrung. |
| 260 | |aOttawa - Ontario : |bSanté Canada |cMars 1990. |
| 300 | |a32p. |
| 500 | |aLe nº de catalogue (H42-2/19-1990) et l'ISBN (0-662-57252-1) de l'édition imprimée bilingue ont été incorrectement copiés dans cette publication électronique. |
| 504 | |aBibliographie. |
| 590 | |a12-17-Supp|b2012-04-20 |
| 691 | 07|aGestion des risques|2gcpds |
| 691 | 07|aMédicament|2gcpds |
| 691 | 07|aPolitique gouvernementale|2gcpds |
| 691 | 07|aRisque pour la santé|2gcpds |
| 720 | 1 |aVertinsky, Ilan B. |
| 720 | 1 |aWehrung, Donald A. |
| 775 | 08|tRisk perception and drug safety evaluation |w(CaOODSP)9.695812 |
| 856 | 40|ahttp://publications.gc.ca|qPDF|s136 Ko|uhttps://publications.gc.ca/collections/Collection/H42-2-19-1990F.pdf |